La AID en Guatemala /
Enregistré dans:
| Auteur principal: | |
|---|---|
| Collectivités auteurs: | , |
| Autres auteurs: | |
| Format: | Texte |
| Publié: |
s.l:
CRIES
|
| Tags: |
Ajouter un tag
Pas de tags, Soyez le premier à ajouter un tag!
|
MARC
| LEADER | 00000 a a2200000 04500 | ||
|---|---|---|---|
| 001 | 25407 | ||
| 003 | |||
| 040 | |||
| 090 | |a 181700 | ||
| 100 | |a Escoto, Jorge | ||
| 110 | |a CRIES | ||
| 245 | |a La AID en Guatemala / |c CRIES | ||
| 260 | |a s.l: |b CRIES | ||
| 300 | |a 166 p |b **no definido** | ||
| 700 | |a Marroquín, Manfredo | ||
| 710 | |a AVANCSO | ||
| 999 | |c 10718 |d 10718 | ||
